| 000 | 00427nam a2200133Ia 4500 | ||
|---|---|---|---|
| 008 | 171212s9999 xx 000 0 und d | ||
| 020 | _a9781911307365 | ||
| 100 | _aMiller, Daniel;Sinanan, Jolynna | ||
| 245 |
_cMiller, Daniel;Sinanan, Jolynna _aVisualising Facebook _bA Comparative Perspective |
||
| 260 |
_bUCL Press _c2017 |
||
| 440 | _aWhy We Post | ||
| 650 | _aAnthropology | ||
| 856 | _uhttp://jstor.org/stable/j.ctt1mtz51h | ||
| 999 |
_c352896 _d352896 |
||